000 00360nam a22001217a 4500
008 190311b xxu||||| |||| 00| 0 eng d
041 _aeng
080 _a043.3
100 _a0
101 _aINI-BA
245 _aKontrolli i Cilesise se Betonit ne Punishte (Kantenierin e Ndertimit) nga faza e prodhimit deri ne fazen e ndertimit
_cHajdari, A
942 _2udc
_cBK
999 _c54706
_d54706